Biblioteca

Pecado original (Registro nro. 69747)

Detalles MARC
000 -LÍDER
Campo fijo de descripción fija 01363nab a2200253 i 4500
001 - NÚMERO DE CONTROL
Campo de control 768714001
003 - IDENTIFICADOR DEL NÚMERO DE CONTROL
Campo de control CO-MdFUSB
005 - FECHA Y HORA DE LA ULTIMA TRANSACCIÓN
control field 20240516125551.0
008 - ELEMENTOS DE LONGITUD FIJA -- INFORMACIÓN GENERAL
Campo fijo de descripción fija -- Información general 240516t1971 sp ||||| |||| 00| 0 spa d
040 ## - FUENTE DE CATALOGACIÓN
Idioma de catalogación spa
Agencia que realiza la transcripción CO-MdFUSB
Agencia que realiza la modificación CO-MdFUSB
041 ## - CÓDIGO DE IDIOMA
Código de idioma para texto/pista de sonido o título separado spa
100 ## - ASIENTO PRINCIPAL--NOMBRE PERSONAL
Nombre personal Zalotay, Joseph,
Término relacionador autor
245 ## - TÍTULO
Título Pecado original
Mención de responsabilidad / Joseph Zalotay ; traducido por Jesús Valiente Malla
520 ## - NOTA DE RESUMEN, ETC.
Nota de sumario, etc. No faltan esmeradas presentaciones de la doctrina del pecado original según la concepción paulina hasta los teólogos dogmáticos lo abordan a su propio modo. El presente artículo pretende ser una aportación al diálogo entre el exegeta y el teólogo dogmático. Los exegetas ya han discutido las posiciones de Freud con relación al pecado original; los historiadores han lanzado su reto a los teólogos; los exegetas, por su parte, han impreso su huella en las modernas discusiones dogmáticas.
650 #0 - ASIENTO SECUNDARIO DE MATERIA - TERMINO TEMÁTICO
Término temático o nombre geográfico como elemento de entrada Biblia
9 (RLIN) 16
650 #7 - ASIENTO SECUNDARIO DE MATERIA - TERMINO TEMÁTICO
Término temático o nombre geográfico como elemento de entrada Pecado
9 (RLIN) 368
650 #7 - ASIENTO SECUNDARIO DE MATERIA - TERMINO TEMÁTICO
Término temático o nombre geográfico como elemento de entrada Teología bíblica
9 (RLIN) 320
650 #7 - ASIENTO SECUNDARIO DE MATERIA - TERMINO TEMÁTICO
Término temático o nombre geográfico como elemento de entrada Apologética
9 (RLIN) 187
653 ## - TÉRMINO DE INDIZACIÓN - NO CONTROLADO
Término no controlado Mensaje cristiano
700 ## - ENTR. SECUNDARIA - Nombre Personal (R)
Nombre de persona Valiente Malla, Jesús,
Término indicativo de función traductor
773 0# - ASIENTO DE ITEM FUENTE
Biblionumber 49450
Itemnumber 82637
Otro identificador del ítem R2560
Título Revista internacional de teología Concilium
Número de control del registro (CO-MdFUSB)8
Número Internacional Normalizado para Publicaciones Seriadas (ISSN) 0210-1041
Parte(s) relacionada(s) / Volumen., número. (mes año), páginas Número 70, (diciembre, 1971), páginas: 540 - 549
Enumeración y primera página página: 540
942 ## - TIPO DE MATERIAL (KOHA)
Tipo de Item KOHA Artículos de Revista
945 ## - INFORMACIÓN LOCAL DEL REGISTRO
Catalogador Catherine Arias Alvarez - Practicante SENA

No hay ítems disponibles.

Biblioteca FUSBC | Teléfono: (57+4) 349 88 10 Ext. 141| WhatsApp (+57) 3005338115 
E-mail: biblioteca@unisbc.edu.co | Calle 76 87-14 Robledo Palenque, Medellín, Colombia

Con tecnología Koha